The political theory of conservative economists /

Guardado en:
Detalles Bibliográficos
Autor principal: Waligorski, Conrad P (Autor)
Formato: Libro
Lenguaje:inglés
Publicado: Kansas : University Press of Kansas, 1990
Edición:1.vyd.
Materias:
Etiquetas: Agregar Etiqueta
Sin Etiquetas, Sea el primero en etiquetar este registro!

MARC

LEADER 00000nam a22000003a 4500
001 stu1503
005 20150617225617.9
008 920409s1990----xxu-----------------eng-d
020 |a 0-7006-0459-6 
040 |a STU  |b slo 
041 0 |a eng 
044 |a xxu 
080 |a 330.101  |7 stu_us_auth*stu16986 
100 1 |a Waligorski, Conrad P  |4 aut 
245 1 |a The political theory of conservative economists /  |c [aut.] Waligorski,Conrad P 
250 |a 1.vyd. 
260 |a Kansas :  |b University Press of Kansas,  |c 1990 
300 |a 260 s 
650 7 |a politická ekonómia  |2 stusub 
996 |b E76366  |c R*76366  |l RRUM  |s A  |a 24  |w stu1503_0001